| 000 | 00523nam a2200181Ia 4500 | ||
|---|---|---|---|
| 001 | 2422 | ||
| 005 | 20260306144806.0 | ||
| 008 | 260306t2008||||xx |||||||||||||| ||spa|| | ||
| 041 | _aESP | ||
| 082 |
_a616.89 _bO65 2008 V. 2 |
||
| 100 |
_aOrganización Panamericana de la Salud _eAUT |
||
| 245 | 0 | _aClasificación estadística internacional de enfermedades y problemas relacionados con la salud | |
| 260 | _c2008 | ||
| 300 |
_avi, 183 páginas : _c24 cm. |
||
| 650 | _aGEN | ||
| 654 | _aCPS | ||
| 942 |
_cLIB _dJUS _fJUS _2ddc _n |
||
| 999 |
_c2422 _d2422 |
||